Aesop's fables / (Record no. 4721)

MARC details
000 -LEADER
fixed length control field 00941nam a22003017a 4500
001 - CONTROL NUMBER
control field 4721
003 - CONTROL NUMBER IDENTIFIER
control field FISKH
005 - DATE AND TIME OF LATEST TRANSACTION
control field 20250731134059.0
008 - FIXED-LENGTH DATA ELEMENTS--GENERAL INFORMATION
fixed length control field 240925b cb ||||| |||| 00| 0 eng d
020 ## - INTERNATIONAL STANDARD BOOK NUMBER
International Standard Book Number 9780590438803
040 ## - CATALOGING SOURCE
Original cataloging agency FISKH
Language of cataloging eng
Transcribing agency FISKH
Modifying agency FISKH
050 ## - LIBRARY OF CONGRESS CALL NUMBER
Classification number PZ8.M2
082 ## - DEWEY DECIMAL CLASSIFICATION NUMBER
Edition number 398.2452
100 ## - MAIN ENTRY--PERSONAL NAME
Personal name McGovern, Ann
Dates associated with a name (1930–2015)
245 ## - TITLE STATEMENT
Title Aesop's fables /
Statement of responsibility, etc. retold by Ann Mcgovern Inside illustrations by A.J. McClaskey
250 ## - EDITION STATEMENT
Edition statement Published in 1963
260 ## - PUBLICATION, DISTRIBUTION, ETC.
Place of publication, distribution, etc. New York :
Name of publisher, distributor, etc. Scholastic,
Date of publication, distribution, etc. 1963.
300 ## - PHYSICAL DESCRIPTION
Extent 78 pages :
Other physical details Color illustrations ;
Dimensions 20cm.
505 ## - FORMATTED CONTENTS NOTE
Formatted contents note R<br/>
520 ## - SUMMARY, ETC.
Summary, etc. A retelling of over 50 classic Aesop fables, including The fox and the grapes and The donkey in the lion's skin.
521 8# - TARGET AUDIENCE NOTE
Target audience note 780L<br/>
Source Lexile<br/>
521 8# - TARGET AUDIENCE NOTE
Target audience note R<br/>
Source Raz-Plus<br/>
650 ## - SUBJECT ADDED ENTRY--TOPICAL TERM
Source of heading or term Greece
Topical term or geographic name entry element Animals
650 ## - SUBJECT ADDED ENTRY--TOPICAL TERM
Source of heading or term Fables
Topical term or geographic name entry element Fantasy
700 ## - ADDED ENTRY--PERSONAL NAME
Personal name McClaskey, A.J.
Dates associated with a name Illustrator
942 ## - ADDED ENTRY ELEMENTS (KOHA)
Source of classification or shelving scheme Dewey Decimal Classification
Koha item type Books
Suppress in OPAC No
Holdings
Withdrawn status Lost status Source of classification or shelving scheme Damaged status Not for loan Collection Home library Current library Shelving location Date acquired Total Checkouts Full call number Barcode Date last seen Copy number Price effective from Koha item type
    Dewey Decimal Classification     Juvenile Fiction Footprints International School Library Network Toul Tom Poung Campus Footprints International School Library Network Toul Tom Poung Campus TTP Primary Orange Bookshelves 09/25/2024   MCG 398.2452 PZ8.M2 2024-2082 09/25/2024 1 09/25/2024 Books
    Dewey Decimal Classification     Juvenile Fiction Footprints International School Library Network Toul Tom Poung Campus Footprints International School Library Network Toul Tom Poung Campus TTP Primary Orange Bookshelves 07/31/2025   MCG 398.2452 PZ8.M2 FISSE00154 07/31/2025 2 07/31/2025 Books